| 000 | 00553nam a2200133Ia 4500 | ||
|---|---|---|---|
| 005 | 20260209120153.0 | ||
| 008 | 260209s9999||||xx |||||||||||||| ||und|| | ||
| 100 | _aPriyanshu Raj Giri | ||
| 245 | 4 | _aThe impact of arbitration on consumer protection : a critical examination of arbitration clauses in consumer contracts | |
| 260 |
_aBangaloreBangalore _bNLSIU, Bangalore _c2024 - 2025 |
||
| 300 | _a36 p. ; 25 cm. | ||
| 700 | _aDr. Sharadha R Shinde - SupervisorDr. Sharadha R Shinde - Supervisor | ||
| 856 | _uhttps://dans.nls.ac.in/handle/123456789/2482 | ||
| 999 |
_c217778 _d217778 |
||